Operations now : supply chain profitability and performance
Αποθηκεύτηκε σε:
| Κύριος συγγραφέας: | |
|---|---|
| Μορφή: | Βιβλίο |
| Γλώσσα: | English |
| Δημοσίευση: |
Boston :
McGraw-Hill/Irwin,
2008
|
| Έκδοση: | 3rd ed. |
| Σειρά: | Operations management series
|
| Θέματα: | |
| Ετικέτες: |
Προσθήκη ετικέτας
Δεν υπάρχουν, Καταχωρήστε ετικέτα πρώτοι!
|
MARC
| LEADER | 00000nam a2200000 i 4500 | ||
|---|---|---|---|
| 001 | 1/48138 | ||
| 008 | 070713s2008 eng d | ||
| 020 | |a 978-0-07-110124-0 | ||
| 035 | |l 10088835 | ||
| 040 | |a GR-MY-UA |b gre |e aacr | ||
| 041 | 0 | |a eng | |
| 082 | 0 | |a 658.5 |2 (22) | |
| 100 | 1 | |a Finch, Byron J. |4 aut | |
| 245 | 1 | 0 | |a Operations now : |b supply chain profitability and performance / |c Byron J.Finch |
| 250 | |a 3rd ed. | ||
| 260 | |a Boston : |b McGraw-Hill/Irwin, |c 2008 | ||
| 300 | |a xli, 769σ.; |b εικ.; |c 29 εκ.+ |e 1 οπτικός δίσκος λέϊζερ 4 3/4 ίν. | ||
| 490 | 1 | |a The McGraw-Hill Irwin series operations management | |
| 650 | 0 | 0 | |a Production management. |
| 830 | 0 | |a Operations management series | |
| 852 | |a INST |b CHIOS |e 20070713 |h 658.5 FIN |p 005200025928 |q 005200025928 |t BK |y 0 | ||
| 852 | |a INST |b CHIOS |e 20070713 |h 658.5 FIN |p 005200025929 |q 005200025929 |t BK |y 0 | ||
| 901 | |a BIBL2-2007-2 | ||
| 909 | |a Χ |b 135695 | ||
| 909 | |a X |b 131125 | ||
| 922 | |a 2ΕΛΗ |b 200706 |c ΕΠΕΑΕΚ2/ΤΔΕ |d ΠΑΠΑΣΩΤΗΡΙΟΥ | ||
| 970 | |a ΒΑΡΦΗΣ |b ΒΑΓΓΕΛΗΣ |z 2007/07/13 | ||